00358nam a22001337a 450000500170000000800410001704100120005808200120007010000120008224500390009426000340013330000320016765000250019920240820071711.0240820b |||||||| |||| 00| 0 eng d aEnglish a349 LAW lEnglish aThe Law Reports: Probate Division  aLondon: bThe Council,c1939  bxviii, 430 pages; c25 cm.  aLegal practice bLaw